000 00264nam a2200109Ia 4500
008 220204s9999 xx 000 0 und d
082 _a82-3MB
_bHAM
100 _aHampson, Anne
245 0 _aSouth of Capricon
260 _aLondon
_bMills and Boon
_c1975
942 _cBK
999 _c33161
_d33161